000 00797nam a2200253Ia 4500
003 OSt
005 20220925194145.0
006 a|||||r|||| 00| 0
007 ta
008 220923b |||||||| |||| 00| 0 eng d
020 _a9780521646222
_c2526.9699999999998
037 _b1093, 21/07/2015, Pranami Book Service
_cGeneral Book
040 _aRTL
_cRTL
_beng
041 _2eng
_aeng
082 _aY:1.931, N9
100 _aCANNELL Fenella
_9250475
245 0 _aPower and intimacy in the Christian Phillippines
260 _aCambridge
_bCUP
_c1999
300 _axxvi, 312p
_ccm.
490 _aDirections in Development
650 _aSociology
942 _hY:1.931, N9
_cGB
_2CC
999 _c528422
_d528422